[Event "HUN-chT 0607"]
[Site "Hungary"]
[Date "2007.02.18"]
[Round "5"]
[White "Szamoskozi, Gabor"]
[Black "Kubacsny, Laszlo"]
[Result "1/2-1/2"]
[WhiteElo "2281"]
[BlackElo "2387"]
[PlyCount "129"]
[EventDate "2006.11.12"]
[EventType "team"]
[EventRounds "11"]
[EventCountry "HUN"]
[SourceTitle "EXT 2008"]
[Source "ChessBase"]
[SourceDate "2007.11.25"]
[SourceVersion "1"]
[SourceVersionDate "2007.11.25"]
[SourceQuality "1"]
[WhiteTeam "BEAC"]
[BlackTeam "Postas/MTK"]
[WhiteTeamCountry "HUN"]
[BlackTeamCountry "HUN"]

1. e4 c5 2. c3 d6 3. d4 Nf6 4. dxc5 Nc6 5. cxd6 Nxe4 6. Nd2 Nxd6 7. Nc4 e5 8. Be3 Be6 9. Qa4 Nxc4 10. Bxc4 Qh4 11. Bb5 Qxa4 12. Bxa4 a6 13. Nf3 f6 14. 0-0 0-0-0 15. Bb6 Rd7 16. Rfd1 Bd6 17. Bc2 Bc7 18. Rxd7 Bxd7 19. Bxc7 Kxc7 20. Nd2 Be6 21. Kf1 g6 22. h4 Rd8 23. Ke1 f5 24. Bb3 Bxb3 25. Nxb3 b6 26. Rd1 Rxd1+ 27. Kxd1 Kd6 28. Ke2 Kd5 29. Nd2 h6 30. f3 a5 31. Kd3 b5 32. Nf1 Ne7 33. Ne3+ Kc5 34. g4 h5 35. gxh5 gxh5 36. b3 f4 37. Ng2 Kd5 38. c4+ bxc4+ 39. bxc4+ Ke6 40. Ne1 Nf5 41. Ng2 Ng3 42. Ne1 Kd6 43. Kc3 Nf5 44. Kd3 Nxh4 45. Ke4 Ke6 46. Nd3 Ng6 47. Nc5+ Kd6 48. Nd3 h4 49. Kf5 Ne7+ 50. Kg4 Ke6 51. Nc5+ Kf7 52. Kxh4 Nf5+ 53. Kg5 Nd4 54. Kg4 Ke7 55. a4 Kf6 56. Nd7+ Ke6 57. Nc5+ Kd6 58. Nb7+ Kc6 59. Nxa5+ Kc5 60. Nb7+ Kxc4 61. Nd6+ Kd5 62. Nf7 Nc6 63. a5 Nxa5 64. Kf5 Nc4 65. Nxe5 1/2-1/2

[Event "HUN-chT 0607"]
[Site "Hungary"]
[Date "2006.12.17"]
[Round "4"]
[White "Kubacsny, Laszlo"]
[Black "Banusz, Tamas"]
[Result "0-1"]
[WhiteElo "2387"]
[BlackElo "2450"]
[PlyCount "90"]
[EventDate "2006.11.12"]
[EventType "team"]
[EventRounds "11"]
[EventCountry "HUN"]
[SourceTitle "EXT 2008"]
[Source "ChessBase"]
[SourceDate "2007.11.25"]
[SourceVersion "1"]
[SourceVersionDate "2007.11.25"]
[SourceQuality "1"]
[WhiteTeam "Postas/MTK"]
[BlackTeam "Nagykanizsa"]
[WhiteTeamCountry "HUN"]
[BlackTeamCountry "HUN"]

1. e4 c5 2. Nf3 e6 3. d4 cxd4 4. Nxd4 Nf6 5. Nc3 Nc6 6. Ndb5 d6 7. Bf4 e5 8. Bg5 a6 9. Na3 b5 10. Nd5 Be7 11. Bxf6 Bxf6 12. c3 0-0 13. Nc2 Bg5 14. a4 bxa4 15. Rxa4 a5 16. Bc4 Rb8 17. Ra2 Kh8 18. 0-0 f5 19. exf5 Bxf5 20. Nce3 Bg6 21. Qa4 Qc8 22. Bb5 Na7 23. Bd7 Qb7 24. Bh3 Bf7 25. c4 Nc6 26. g3 Nd4 27. Bg2 Bh5 28. f4 exf4 29. gxf4 Bh4 30. f5 Bg5 31. Kh1 Qb3 32. Qxa5 Bxe3 33. Ra3 Qxb2 34. Nxe3 Nb3 35. Qa7 Rbe8 36. Ra2 Qe5 37. Nd5 Nc5 38. f6 gxf6 39. Raf2 f5 40. Nf4 Bf7 41. Re2 Qg7 42. Rxe8 Rxe8 43. Qb6 Bxc4 44. Rg1 Qe5 45. Qc6 Ne4 0-1

[Event "HUN-chT 0607"]
[Site "Hungary"]
[Date "2006.11.12"]
[Round "1"]
[White "Kubacsny, Laszlo"]
[Black "Molnar, Peter"]
[Result "1/2-1/2"]
[WhiteElo "2387"]
[BlackElo "2353"]
[PlyCount "36"]
[EventDate "2006.11.12"]
[EventType "team"]
[EventRounds "11"]
[EventCountry "HUN"]
[SourceTitle "EXT 2008"]
[Source "ChessBase"]
[SourceDate "2007.11.25"]
[SourceVersion "1"]
[SourceVersionDate "2007.11.25"]
[SourceQuality "1"]
[WhiteTeam "Postas/MTK"]
[BlackTeam "Edeleny"]
[WhiteTeamCountry "HUN"]
[BlackTeamCountry "HUN"]

1. e4 c5 2. Nf3 Nc6 3. d4 cxd4 4. Nxd4 g6 5. Nxc6 bxc6 6. Qd4 Nf6 7. e5 Nd5 8. e6 Nf6 9. exf7+ Kxf7 10. Bc4+ d5 11. Bb3 e5 12. Qh4 Bg7 13. 0-0 Rf8 14. c4 Ne4 15. Qxd8 Rxd8 16. cxd5 cxd5 17. Nc3 Nxc3 18. bxc3 Be6 1/2-1/2